|
|
|
|
| LEADER |
00000nam a2200000 4500 |
| 001 |
vtls012132175 |
| 003 |
SK-MaSNL |
| 005 |
20260301055446.0 |
| 008 |
220425s2012 gw dl frn 001 0deng |
| 015 |
|
|
|a SNBZSA2024/10
|
| 020 |
|
|
|a 9783847311355
|q (brožované)
|
| 040 |
|
|
|a SNK
|b slo
|c SNK
|e rda
|
| 041 |
0 |
|
|a eng
|
| 044 |
|
|
|a gw
|c DE
|
| 072 |
|
7 |
|a 510
|x Všeobecné úvahy o matematike
|2 konspekt
|
| 080 |
|
|
|a 510.6-021.167
|2 2011
|
| 080 |
|
|
|a 025.44/.47
|2 2011
|
| 080 |
|
|
|a (048.83)
|2 2011
|
| 080 |
|
|
|a (048.8)
|2 2011
|
| 080 |
|
|
|a 004.85
|2 2011
|
| 100 |
1 |
|
|a Hládek, Daniel,
|d 1982-
|4 aut
|9 369107
|
| 245 |
1 |
0 |
|a Towards fuzzy learning classifier systems
|b theory and application of the reinforcement learning, fuzzy logic and learning classifier systems
|c Daniel Hládek, Ján Vaščák, Peter Sinčák
|
| 264 |
|
1 |
|a Saarbrücken
|b LAP Lambert Academic Publishing
|c [2012]
|
| 264 |
|
4 |
|c ©2012
|
| 300 |
|
|
|a 117 strán
|b grafy, schémy, tabuľky
|c 22 cm
|
| 336 |
|
|
|a text
|b txt
|2 rdacontent
|
| 337 |
|
|
|a bez média
|b n
|2 rdamedia
|
| 338 |
|
|
|a zväzok
|b nc
|2 rdacarrier
|
| 500 |
|
|
|a Obsahuje zoznam skratiek
|
| 500 |
|
|
|a Obsahuje stručné profesijné údaje o autoroch na zadnej strane obálky publikácie
|
| 500 |
|
|
|a Obsahuje poznámky
|
| 504 |
|
|
|a Obsahuje bibliografiu na strane 110-117 a register
|
| 650 |
0 |
7 |
|a fuzzy logika
|2 SNKPH
|9 20941
|
| 650 |
0 |
7 |
|a Fuzzy logic
|2 SNKPHeng
|9 357410
|
| 650 |
0 |
7 |
|a klasifikačné systémy
|2 SNKPH
|9 49792
|
| 650 |
0 |
7 |
|a Classification systems
|2 SNKPHeng
|9 369108
|
| 650 |
0 |
7 |
|a učiace sa systémy
|2 SNKPH
|9 100800
|
| 650 |
0 |
7 |
|a Learning systems
|2 SNKPHeng
|9 369109
|
| 655 |
|
7 |
|a analýzy
|2 SNKPH
|9 22242
|
| 655 |
|
7 |
|a Analytic studies
|2 SNKPHeng
|9 278714
|
| 655 |
|
7 |
|a monografie
|2 SNKPH
|9 70139
|
| 655 |
|
7 |
|a Monographs
|2 SNKPHeng
|9 120675
|
| 700 |
1 |
|
|a Vaščák, Ján,
|d 1967-
|4 aut
|9 12767
|
| 700 |
1 |
|
|a Sinčák, Peter,
|d 1960-
|4 aut
|9 207699
|
| 852 |
|
|
|a Slovenská národná knižnica
|
| 919 |
|
|
|a 978-3-8473-1135-5
|
| 954 |
|
|
|a odborná, vedecká literatúra pôvodná (slovenská)
|2 lita
|
| 958 |
|
|
|a ZS
|
| 958 |
|
|
|a NB
|
| 999 |
|
|
|c 613404
|d 615334
|
| 952 |
|
|
|a SNK
|b SNK
|y NEVYP
|7 1
|p 17A1492411
|o snkSC 198507
|i snk2022/11644
|8 4
|g 63.59
|0 0
|1 0
|4 0
|d 2022-04-25
|l 0
|r 2025-10-21 00:00:00
|w 2026-02-23
|